000 00384pab a2200157 454500
008 180718b2010 xxu||||| |||| 00| 0 eng d
100 _aMehrotra, Deepti Priya
245 _aThe right to education act: corrections not done!
260 _c2010
300 _ap.23-25.
362 _aJan
650 _aRight to education
773 _aSocial Welfare
908 _aN
909 _a85390
999 _c85390
_d85390